Valley rescue (Record no. 117922)
[ view plain ]
| 000 -LEADER | |
|---|---|
| fixed length control field | 01206cam a2200217 4500 |
| 001 - CONTROL NUMBER | |
| control field | ABS68138 |
| 008 - FIXED-LENGTH DATA ELEMENTS--GENERAL INFORMATION | |
| fixed length control field | 040831n2004 000 0 eng u |
| 035 ## - SYSTEM CONTROL NUMBER | |
| System control number | (Sirsi) u127218 |
| 100 ## - MAIN ENTRY--PERSONAL NAME | |
| Personal name | Blackman, D. |
| 245 ## - TITLE STATEMENT | |
| Title | Valley rescue |
| 260 ## - PUBLICATION, DISTRIBUTION, ETC. | |
| Date of publication, distribution, etc. | 2004 |
| 490 ## - SERIES STATEMENT | |
| Series statement | Inside Housing |
| Volume/sequential designation | 21(30) 30 July 2004, 36-37(2) |
| 520 ## - SUMMARY, ETC. | |
| Summary, etc. | Discovers whether rising house prices can revive low demand areas without the need for intervention. Focuses on the Valleys housing market in south Wales and Ebbw Vale after the demolition of its giant steelworks. At the moment rising prices seem to have rescued these former areas of low demand. As the Cardiff area and south Wales coastal strip have become increasingly unaffordable, home hunters have ventured further up into the Valleys. Efforts to tackle low demand have consisted hitherto mainly of selective demolition programmes and the prospects of the Welsh Assembly establishing a dedicated market renewal fund remain dim. Concludes that it is too early to confirm that rising prices can work alone. |
| 590 ## - LOCAL NOTE (RLIN) | |
| Local note | ABS |
| 590 ## - LOCAL NOTE (RLIN) | |
| Local note | ABS |
| 650 ## - SUBJECT ADDED ENTRY--TOPICAL TERM | |
| Topical term or geographic name entry element | LOW DEMAND |
| 650 ## - SUBJECT ADDED ENTRY--TOPICAL TERM | |
| Topical term or geographic name entry element | HOUSE PRICES |
| 650 ## - SUBJECT ADDED ENTRY--TOPICAL TERM | |
| Topical term or geographic name entry element | INTERVENTION |
| 690 ## - LOCAL SUBJECT ADDED ENTRY--TOPICAL TERM (OCLC, RLIN) | |
| Topical term or geographic name as entry element | HOUSING-MARKET |
| 942 ## - ADDED ENTRY ELEMENTS (KOHA) | |
| Suppress in OPAC | 0 |
| Withdrawn status | Lost status | Source of classification or shelving scheme | Damaged status | Not for loan | Home library | Current library | Shelving location | Date acquired | Total Checkouts | Full call number | Barcode | Date last seen | Copy number | Price effective from | Koha item type |
|---|---|---|---|---|---|---|---|---|---|---|---|---|---|---|---|
| Dewey Decimal Classification | London | London | Journal article | 31/08/2004 | ABS68138 | 127218-1001 | 06/08/2019 | 1 | 06/08/2019 | Journal article |